[Event "GER-chT10 LJ-23 Br01 email"]
[Site "GER email"]
[Date "2013.10.04"]
[Round "?"]
[White "Schulz, Volker"]
[Black "Nickel, Reiner Gert"]
[Result "0-1"]
[WhiteElo "2011"]
[BlackElo "2278"]
[PlyCount "136"]
[EventDate "2013.10.15"]
[EventType "tourn (corr)"]
[EventRounds "8"]
[EventCountry "GER"]
[SourceTitle "Corr 2015"]
[Source "ChessBase"]
[SourceDate "2015.07.17"]
[SourceVersion "1"]
[SourceVersionDate "2015.07.17"]
[SourceQuality "1"]

1. c4 Nf6 2. Nc3 e5 3. g3 Bb4 4. Bg2 0-0 5. Nf3 Re8 6. 0-0 e4 7. Nd4 Nc6 8. Nc2 Bxc3 9. dxc3 h6 10. Ne3 d6 11. Qc2 a5 12. Rd1 b6 13. b3 Rb8 14. Ba3 Bd7 15. Nd5 Bf5 16. Qc1 Bg6 17. Qf4 a4 18. Nxf6+ Qxf6 19. Qxf6 gxf6 20. Bc1 Kg7 21. Be3 Ne5 22. Rd4 Ra8 23. b4 c5 24. Rxd6 Nxc4 25. Rc6 Re6 26. Rc7 Nxe3 27. fxe3 cxb4 28. cxb4 f5 29. Rd1 a3 30. Rd2 Ra4 31. Rd4 Re5 32. Kf2 Rb5 33. Rcc4 Ra7 34. h3 h5 35. g4 fxg4 36. hxg4 f5 37. gxf5 Rxf5+ 38. Kg1 Re5 39. Rc2 h4 40. Kh2 Rf7 41. Rcd2 Rf2 42. Kg1 Rf6 43. Kh2 h3 44. Bxh3 Rg5 45. Rc4 Bf7 46. Rc1 Rf2+ 47. Kh1 Rh5 48. Rg1+ Kf6 49. Rg3 Rf1+ 50. Kg2 Ra1 51. Rd6+ Ke5 52. Rxb6 Rxa2 53. Bg4 Rg5 54. Kf2 Rd2 55. Ra6 Rd8 56. Rxa3 Rdg8 57. Ra5+ Bd5 58. Rh3 Rxg4 59. Ke1 R4g5 60. Rh7 Ra8 61. Kd2 Rxa5 62. bxa5 Rg1 63. a6 Ra1 64. a7 Kd6 65. Kc3 Ra2 66. Kd4 Rd2+ 67. Kc3 Rxe2 68. Rh8 Rxe3+ 0-1

[Event "GER-chT9 LI-01 Br01 email"]
[Site "GER email"]
[Date "2011.10.16"]
[Round "?"]
[White "Moll, Reinhard"]
[Black "Nickel, Reiner Gert"]
[Result "1/2-1/2"]
[WhiteElo "2297"]
[BlackElo "2278"]
[PlyCount "75"]
[EventDate "2011.10.23"]
[EventType "tourn (corr)"]
[EventRounds "9"]
[EventCountry "GER"]
[EventCategory "1"]
[SourceTitle "Corr 2015"]
[Source "ChessBase"]
[SourceDate "2015.07.17"]
[SourceVersion "1"]
[SourceVersionDate "2015.07.17"]
[SourceQuality "1"]

1. e4 c5 2. Nf3 d6 3. d4 cxd4 4. Nxd4 Nf6 5. Nc3 a6 6. h3 e5 7. Nde2 h5 8. g3 Be6 9. Bg2 Nbd7 10. a4 Be7 11. a5 0-0 12. 0-0 Re8 13. b3 Rc8 14. f4 exf4 15. gxf4 Nc5 16. Bb2 Bf8 17. e5 dxe5 18. fxe5 Nh7 19. Nd5 Ne4 20. Bxe4 Ng5 21. Ndc3 Qc7 22. Bg2 Qxe5 23. Kh1 Bxh3 24. Bxh3 Bd6 25. Rf2 Nxh3 26. Rg2 Qf6 27. Ne4 Qxb2 28. Nxd6 Red8 29. Ra4 Rxc2 30. Qd5 Qf6 31. Qf5 Qxf5 32. Nxf5 g6 33. Rb4 Rd7 34. Rd4 Rxd4 35. Nfxd4 Rd2 36. b4 Nf4 37. Nxf4 Rxd4 38. Nxg6 1/2-1/2

[Event "GER-ch Seniors-B 20th"]
[Site "Erfurt"]
[Date "2008.08.10"]
[Round "6"]
[White "Nickel, Reiner Gert"]
[Black "Richter, Hildegard"]
[Result "1-0"]
[WhiteElo "1765"]
[BlackElo "1585"]
[PlyCount "85"]
[EventDate "2008.08.05"]
[EventType "swiss"]
[EventRounds "9"]
[EventCountry "GER"]
[SourceTitle "CBM 126 Extra"]
[Source "ChessBase"]
[SourceDate "2008.11.05"]
[SourceVersion "1"]
[SourceVersionDate "2008.11.05"]
[SourceQuality "1"]

1. e4 c5 2. c3 d5 3. exd5 Qxd5 4. d4 e6 5. Nf3 Nf6 6. Be2 Be7 7. Na3 a6 8. Nc4 Qd8 9. Bf4 0-0 10. Qc2 b5 11. Ne3 Bb7 12. 0-0 Be4 13. Qd1 cxd4 14. Nxd4 Nc6 15. Nf3 Qxd1 16. Rfxd1 Rfd8 17. Ng5 e5 18. Bg3 Bc2 19. Nxc2 Nd5 20. Bf3 Bxg5 21. Rxd5 Rac8 22. Rxd8+ Nxd8 23. Bxe5 h6 24. Rd1 Nc6 25. Bg3 f5 26. Bd5+ Kh7 27. Be6 Rf8 28. Bd6 Rd8 29. Rd5 g6 30. f4 Bf6 31. Bc7 Rxd5 32. Bxd5 Ne7 33. Bb7 g5 34. fxg5 Bxg5 35. Bxa6 Nd5 36. Be5 Bc1 37. Bxb5 Bxb2 38. Bd3 Kg6 39. a4 Nxc3 40. a5 Ne2+ 41. Bxe2 Bxe5 42. a6 Bb8 43. Nb4 1-0

[Event "GER-chT LG-22 email"]
[Site "GER email"]
[Date "2007.10.25"]
[Round "?"]
[White "Heimbrodt, Wolfram"]
[Black "Nickel, Reiner Gert"]
[Result "1/2-1/2"]
[WhiteElo "2000"]
[BlackElo "2459"]
[PlyCount "79"]
[EventDate "2007.??.??"]
[EventType "tourn (corr)"]
[EventRounds "8"]
[EventCountry "GER"]
[SourceTitle "Corr 2011"]
[Source "ChessBase"]
[SourceDate "2010.08.31"]
[SourceVersion "1"]
[SourceVersionDate "2010.08.31"]
[SourceQuality "1"]

1. d4 Nf6 2. c4 e6 3. g3 d5 4. Bg2 dxc4 5. Nf3 Nc6 6. 0-0 Rb8 7. Nc3 a6 8. e4 Be7 9. d5 exd5 10. exd5 Nb4 11. Ne5 Bf5 12. a3 Nd3 13. Nxc4 0-0 14. b4 Re8 15. Be3 Qd7 16. Ra2 Ng4 17. Ne4 Nde5 18. Nxe5 Nxe5 19. Bd4 Nc4 20. Re1 Bf8 21. Bc3 Rbd8 22. Nc5 Rxe1+ 23. Qxe1 Qc8 24. Qc1 Nd6 25. Re2 h6 26. Re1 Bh3 27. Bf3 Bg4 28. Bh1 Re8 29. Bg2 Rxe1+ 30. Qxe1 Qf5 31. Be5 Bf3 32. Bxf3 Qxf3 33. Bxd6 Bxd6 34. Nxb7 Bf8 35. Qc1 Qxd5 36. Qxc7 Qd1+ 37. Kg2 Qd5+ 38. Kg1 Qd1+ 39. Kg2 Qd5+ 40. Kg1 1/2-1/2

[Event "GER-chT LG-22 email"]
[Site "GER email"]
[Date "2007.10.25"]
[Round "?"]
[White "Voetter, Hans Dieter"]
[Black "Nickel, Reiner Gert"]
[Result "0-1"]
[WhiteElo "2435"]
[BlackElo "2459"]
[PlyCount "88"]
[EventDate "2007.??.??"]
[EventType "tourn (corr)"]
[EventRounds "8"]
[EventCountry "GER"]
[SourceTitle "Corr 2011"]
[Source "ChessBase"]
[SourceDate "2010.08.31"]
[SourceVersion "1"]
[SourceVersionDate "2010.08.31"]
[SourceQuality "1"]

1. c4 Nf6 2. Nc3 c5 3. g3 e6 4. Bg2 d5 5. Nf3 d4 6. Na4 Nc6 7. d3 Bd6 8. 0-0 0-0 9. a3 Rb8 10. Bd2 a5 11. e3 e5 12. b3 Bd7 13. e4 b5 14. Nb2 b4 15. a4 Ne7 16. Nh4 Qc8 17. Qe2 Bc7 18. f4 exf4 19. gxf4 Rb6 20. Nd1 Ng6 21. Nxg6 fxg6 22. e5 Nh5 23. Nb2 Bd8 24. Bd5+ Kh8 25. Bg2 Bh4 26. Nd1 h6 27. Nb2 Ra6 28. Rac1 Ra7 29. Qe4 Bf5 30. Qf3 Raf7 31. Nd1 Bd7 32. Qe4 g5 33. Ra1 Nxf4 34. Bxf4 Rxf4 35. Rxf4 Rxf4 36. Qb7 Qxb7 37. Bxb7 Kg8 38. e6 Bxe6 39. Bd5 Kf7 40. Rc1 Kf6 41. Rc2 Bf5 42. Rd2 Bh3 43. Bg2 Rg4 44. Kf1 Rxg2 0-1

[Event "GER-chT2 LF-21 B1 email"]
[Site "GER email"]
[Date "2007.??.??"]
[Round "?"]
[White "Nickel, Reiner Gert"]
[Black "Boehm, Stefan"]
[Result "1/2-1/2"]
[WhiteElo "2131"]
[BlackElo "2273"]
[PlyCount "102"]
[EventDate "2007.??.??"]
[EventType "team (corr)"]
[EventRounds "9"]
[EventCountry "GER"]
[SourceTitle "Corr 2008"]
[Source "ChessBase"]
[SourceDate "2008.06.24"]
[SourceVersion "1"]
[SourceVersionDate "2008.06.24"]
[SourceQuality "1"]

1. e4 c5 2. Nf3 d6 3. d4 cxd4 4. Nxd4 Nf6 5. Nc3 a6 6. Be3 e5 7. Nb3 Be6 8. Qd2 Nbd7 9. f3 b5 10. g4 Nb6 11. g5 Nfd7 12. Nd5 Rc8 13. 0-0-0 Bxd5 14. exd5 Nc4 15. Qe1 Nxe3 16. Qxe3 Be7 17. h4 h6 18. gxh6 Rxh6 19. f4 Qb6 20. Qg3 Rg6 21. Qe1 Rf6 22. fxe5 Qf2 23. Nd4 Qxe1 24. Rxe1 Nxe5 25. Re4 Kf8 26. a4 bxa4 27. Bxa6 Ra8 28. Be2 Rf2 29. Kd1 a3 30. bxa3 Rxa3 31. Ke1 Rf6 32. Kd2 Bd8 33. Rb1 Ba5+ 34. Kc1 g6 35. Rb8+ Kg7 36. Nb5 Ra1+ 37. Kb2 Re1 38. Nxd6 Rxd6 39. Rxe5 Bd8 40. Re8 Bf6+ 41. Kb3 Rxd5 42. Bf3 Rb1+ 43. Kc4 Rd4+ 44. Kc5 Rxb8 45. Rxb8 Rf4 46. Bd5 Bxh4 47. Rb3 g5 48. Rf3 Rxf3 49. Bxf3 f5 50. Kd4 Bg3 51. Kd3 Kf6 1/2-1/2